| 000 | 00663nam a2200217Ia 4500 | ||
|---|---|---|---|
| 003 | GCL | ||
| 008 | 140319s9999 xx 000 0 ara d | ||
| 040 |
_aGCL / _cGCL |
||
| 082 | 0 | 4 |
_a833 _bل ت |
| 100 | 1 | _aلوكاش، جورج | |
| 245 | 1 | 0 |
_aتوماس مان / _cلوكاش، جورج |
| 700 | 1 | _aكميل داغر | |
| 260 |
_a[S.N] : _bالمؤسسة العربية للدراسات والنشر ، _c1977 |
||
| 300 | _a390 ص | ||
| 490 |
_aاعلام الفكر العربى _v0 |
||
| 650 | 0 | 4 | _aالادب الالمانى |
| 650 | 0 | 4 | _aالتراجم |
| 650 | 0 | 4 | _aالانباء الالمان |
| 650 | 0 | 4 | _aتوماس مان |
| 942 |
_2ddc _cBK |
||
| 999 |
_c34649 _d34649 |
||